Benfield Construction Limited v Trudson (Hatton) Limited (Record no. 81022)

MARC details
000 -LEADER
fixed length control field 02198cab a22002415 4500
001 - CONTROL NUMBER
control field L146088
008 - FIXED-LENGTH DATA ELEMENTS--GENERAL INFORMATION
fixed length control field 081208e20080917xxk f v 000 0 eng u
035 ## - SYSTEM CONTROL NUMBER
System control number (Sirsi) u146088
041 0# - LANGUAGE CODE
Language code of text/sound track or separate title eng
245 00 - TITLE STATEMENT
Title Benfield Construction Limited v Trudson (Hatton) Limited
Medium [electronic resource]
260 ## - PUBLICATION, DISTRIBUTION, ETC.
Date of publication, distribution, etc. 2008
520 ## - SUMMARY, ETC.
Summary, etc. [2008] EWHC 2333 (TCC), 17 September 2008. Considers whether an adjudicator had the right to decide on a dispute already settled by two previous adjudications and on the same substantial matters. Trudson (Hatton) Limited (T) had contracted Benfield Construction Limited (B) to carry out design and construction works. The work was delayed. A handover document was signed between the two parties attesting completion of works on 17 August 2007, but subject to a list of defects to be corrected. A few weeks after, T decided that it could not certify completion of works because of a specific defect. B contested, arguing that, as this problem was not on the list of defects, practical completion of works was on 17 August 2007. Two adjudications were submitted. In the first one, the adjudicator decided that works were not completed on 17 August 2007. The second one entitled T to liquidated damages. On the third adjudication, B sought to have completion of works on 17 August 2007 confirmed. "Held": Permitting a party to raise one legal matter at a time, leading to "serial adjudications" until this party would be satisfied, is allowing an abuse of process. The third adjudicator had no jurisdiction and the award in favour of T is enforced.
590 ## - LOCAL NOTE (RLIN)
Local note KA
650 24 - SUBJECT ADDED ENTRY--TOPICAL TERM
Topical term or geographic name entry element BENFIELD CONSTRUCTION LIMITED V TRUDSON (HATTON) LIMITED
650 24 - SUBJECT ADDED ENTRY--TOPICAL TERM
Topical term or geographic name entry element HG CONSTRUCTION LTD V ASHWELL HOMES (EAST ANGLIA) LTD
650 24 - SUBJECT ADDED ENTRY--TOPICAL TERM
Topical term or geographic name entry element QUIETFIELD LIMITED V VASCROFT CONTRACTORS LIMITED
650 24 - SUBJECT ADDED ENTRY--TOPICAL TERM
Topical term or geographic name entry element K N S INDUSTRIAL SERVICES (BIRMINGHAM) LTD V SINDALL LTD
650 24 - SUBJECT ADDED ENTRY--TOPICAL TERM
Topical term or geographic name entry element CONSTRUCTION GROUP CENTRE LIMITED V THE HIGHLAND COUNCIL
651 #4 - SUBJECT ADDED ENTRY--GEOGRAPHIC NAME
Geographic name England and Wales
Chronological subdivision 1543-
690 ## - LOCAL SUBJECT ADDED ENTRY--TOPICAL TERM (OCLC, RLIN)
Topical term or geographic name as entry element MANAGEMENT AND RESOLUTION-ALTERNATIVE DISPUTE RESOLUTION-ADJUDICATION
856 41 - ELECTRONIC LOCATION AND ACCESS
Uniform Resource Identifier <a href="https://www.bailii.org/ew/cases/EWHC/TCC/2008/2333.html">https://www.bailii.org/ew/cases/EWHC/TCC/2008/2333.html</a>
Public note View the item free of charge at www.bailii.org
942 ## - ADDED ENTRY ELEMENTS (KOHA)
Suppress in OPAC 0
Holdings
Withdrawn status Lost status Source of classification or shelving scheme Damaged status Not for loan Home library Current library Shelving location Date acquired Total Checkouts Full call number Barcode Date last seen Copy number Price effective from Koha item type
    Dewey Decimal Classification     Virtual Virtual Online 08/12/2008   ONLINE PUBLICATION 146088-2001 06/08/2019 1 06/08/2019 Law report